Eroi ed eroine della mitologia romana - Statistics

Statistiche generali
  • Questo quiz è stato fatto 236 volte
  • Il punteggio medio è 9 su 18
Statistiche sulle risposte
Indizio Personaggio % Corretto
Fondatore e primo re di Roma Romolo
95%
Guerriero troiano, capostipite della stirpe del fondatore di Roma Enea
94%
Settimo ed ultimo re di Roma, cacciato da Giunio Bruto Tarquinio il Superbo
82%
Quinto re di Roma, di ascendenza greca ed etrusca, riformatore di esercito e urbanistica Tarquinio Prisco
79%
Quarto re di Roma, sabino, restauratore della religione Anco Marzio
77%
Sesto re di Roma, etrusco, restauratore del potere regio dopo l'uccisione del quinto re Servio Tullio
76%
Secondo re di Roma, di origine sabina, che si sarebbe rifiutato di combattere alcuna guerra Numa Pompilio
70%
Terzo re di Roma, artefice delle prime conquiste territoriali dell'Urbe Tullo Ostilio
61%
Figlio del precedente, fondatore di Alba Longa Ascanio
53%
Tre fratelli romani cui fu affidata la sorte della città durante la guerra contro Alba Longa Orazi
49%
Vestale, madre del fondatore di Roma Rea Silvia
45%
Tre fratelli albani che duellarono contro i precedenti per decidere le sorti della guerra Curiazi
38%
Nobile romano che avrebbe bruciato la sua stessa mano per punirsi dopo non essere riuscito a uccidere Porsenna Gaio Muzio Scevola
36%
Moglie di Collatino, dopo aver confessato la violenza subita dal settimo re si sarebbe tolta la vita per essere d'esempio alle romane Lucrezia
35%
Re Sabino che coregnò su Roma assieme al primo re Tito Tazio
18%
Dopo essere stata consegnata in ostaggio agli etruschi di Porsenna, questa ragazza sarebbe riuscita a fuggire e ad attraversare a nuoto il Tevere destando ammirazione anche tra i suoi nemici Clelia
14%
Eroe romano che, da solo, avrebbe difeso il ponte che conduceva a Roma dagli etruschi di Porsenna Publio Orazio Coclite
14%
Eroe figlio di Nettuno, invulnerabile al ferro e al fuoco in tutto il corpo Messapo
2%
Nessun quiz corrispondente trovato
Distribuzione punteggi
Percentuale di utenti per punteggio
Percentile per numero di risposta
I tuoi punteggi nel tempo
Non hai fatto questo quiz